| 000 | 00772nam a2200217 i 4500 | ||
|---|---|---|---|
| 001 | 166987 | ||
| 003 | ES-MaACL | ||
| 005 | 20230906213434.0 | ||
| 008 | 050930s1874 gw | |||||||| ||eng d | ||
| 040 |
_aCAM _bspa _cCAM |
||
| 100 | 1 |
_aPaull, Margaret Agnes. _9160324 |
|
| 245 | 1 | 0 |
_aVanessa / _cby the author of "Still Waters", "Dorothy", etc. |
| 260 |
_aLeipzig : _bBernhard Tauchnitz, _c1874. |
||
| 300 |
_a310 p. ; _c16 cm. |
||
| 490 | 1 |
_aCollection of british authors ; _v1466 |
|
| 594 | _aSegún el catálogo de la Biblioteca del Ateneo, el autor es Hugh Walpole. | ||
| 594 | _aEl encabezamiento tomado del Brit. Mus. Catal. | ||
| 830 | 0 |
_aCollection of british authors ; _v1466 _9180703 |
|
| 852 |
_aES-MaACL _jG-13127 _z-- Enc. hol. |
||
| 999 |
_c166987 _d166987 |
||